=LDR 00000nam 2200000 4500 =001 INLIS000000000042955 =005 20131008101152 =008 ***********************************Ind** =035 ##$$0010-101300000000877 =041 ##$$a Ind =082 ##$$a 615.882 =090 ##$$a 615.882, Sch p =100 ##$$a Schram, Nat BM Chee =245 ##$$a Pengobatan tradisional, Nat BM Chee Schram =260 ##$$a 1990 $b Semarang =300 ##$$a 91 hlm, 20 cm =650 ##$$a Obat Tradisional =850 ##$$a NBPNMAT